000 00495nam a2200181Ia 4500
005 20250326124516.0
008 250326s9999 xx 000 0 und d
037 _aTextbook
040 _aFMSL
_beng
_cFMSL
041 _aeng
_2eng
084 _aX:8 L0;L8
_qFMSL
100 _aShukla M C
245 0 _aBusiness organisation and management
_cShukla M C
260 _aNew Delhi
_bNew Delhi, S Chand
_c1978
300 _a871p
942 _cTB
_hX:8 L0;L8
999 _c1273999
_d1273999